Аналоговый коммутатор КА-4-16; Ресурсоэффективным технологиям - энергию и энтузиазм молодых

Бібліографічні деталі
Parent link:Ресурсоэффективным технологиям - энергию и энтузиазм молодых.— 2010.— С. 147-150
Автор: Ерёмин В. В.
Інші автори: Меркулов С. В. (научный руководитель)
Мова:Російська
Опубліковано: 2010
Предмети:
Формат: MixedMaterials Частина з книги
KOHA link:https://koha.lib.tpu.ru/cgi-bin/koha/opac-detail.pl?biblionumber=190360

MARC

LEADER 00000naa2a2200000 4500
001 190360
005 20231031175843.0
035 |a (RuTPU)RU\TPU\book\207407 
090 |a 190360 
100 |a 20110120d2010 k y0rusy50 ca 
101 0 |a rus 
102 |a RU 
200 1 |a Аналоговый коммутатор КА-4-16  |f В. В. Ерёмин  |g науч. рук. С. В. Меркулов 
320 |a Библиогр.: 2 назв. 
463 0 |0 (RuTPU)RU\TPU\book\199176  |t Ресурсоэффективным технологиям - энергию и энтузиазм молодых  |o сборник докладов I Университетской конференции студентов элитного технического образования, 19-20 апреля 2010 г. г. Томск  |f Национальный исследовательский Томский политехнический университет (ТПУ)  |v С. 147-150  |d 2010  |p 224 с. 
610 1 |a автоматизированные системы управления 
610 1 |a многоканальные измерительные системы 
610 1 |a аналоговые коммутаторы 
610 1 |a труды учёных ТПУ 
700 1 |a Ерёмин  |b В. В. 
702 1 |a Меркулов  |b С. В.  |4 727 
801 1 |a RU  |b 63413507  |c 20110120 
942 |c BK